Complétez : Boris Vian - Complainte du progrès - Statistiques

Statistiques générales
  • Ce quiz a été pris 18 fois
  • Le résultat moyen est 44 sur 63
Statistiques - réponses
Paroles Mot manquant Indice % Correct
Autrefois pour faire sa (...) cour Lieu de récréation
100%
On parlait d'(...) amour Enfant de Bohême
92%
Pour séduire le cher (...) ange Gardien du ciel
92%
Ça change, ça (...) change remplace
92%
On offrait son (...) cœur Il bat
92%
Et je te (...) donnerai offrirai
92%
Ah, Gudule Viens m'(...) embrasser Bécoter
92%
(...), c'est plus pareil Maintenant Actuellement
92%
Et des (...) à gâteaux pelles Servent à donner des tartes
92%
Un joli (...) scooter vespa
92%
Un (...) pour deux avion Aéroplane
83%
Des tas de (...) couverts Fourchettes ou cuillères
83%
Des (...) qui chauffent draps Linges de lit
83%
Un pistolet à (...) gaufres Liégeoise ou Bruxelloise
83%
On lui (...) à l'oreille glisse Murmure
83%
Et nous serons (...) heureux Content
83%
Pour faire la (...) vinaigrette Sauce de salade
83%
Pour (...) les odeurs bouffer Manger avec excès
75%
Et l'on vit (...) ça comme à la manière de
75%
Avec un (...) en verre four Parfois à micro-ondes
75%
Un (...) frigidaire réfrigérateur
75%
On dit rentre chez ta (...) mère Parfois poule
75%
Jusqu'à la (...) fois prochaine suivante
75%
Pour mieux (...) son ardeur prouver Avérer
75%
Ou je (...) tout ça reprends Saisis de nouveau
75%
En laissant la (...) vaisselle Termine à la plonge
75%
La (...) est si chère vie De la naissance à la mort
75%
Maintenant, que (...)-vous voulez Désirez
75%
(...) s'il arrivait Autrefois Jadis
67%
Et si la (...) belle Compagne de la Bête
67%
Mon frigidaire Mon armoire à (...) cuillères Elles ont le dos rond
67%
On la fiche (...) dehors A l'extérieur
67%
Mon cire-(...) godasses souliers vulgaires
67%
Mon repasse-(...) limaces escargot sans maison
67%
L'air (...) on s'en allait lugubre Sinistre
67%
Qui vous (...) son cœur offre proposition
67%
D'une tendre (...) petite de taille réduite
67%
Que l'on se (...) querelle Désaccord
67%
Se montre encore (...) rebelle révolté
67%
Pour confier son (...) sort destin
67%
Une (...) tourniquette Sorte de fouet
67%
Et on se garde (...) tout Fin de charade
67%
On reçoit la (...) visite entrevue
67%
Mais très, très (...) vite rapidement
67%
Un bel (...) aérateur Souffle en marchant
58%
Un (...) atomixer Mixeur atomique
58%
Alors on (...) cède abandonne
58%
Et du (...) Dunlopillo Marque de matelas
58%
Car il faut bien qu'on s'(...) entraide secours mutuel
58%
Mon évier en (...) fer Symbole de santé
58%
Et mon chasse (...) filou Coquin
58%
Et le coupe-(...) friture Menu fretin
58%
La tourniquette À faire la vinaigrette Le ratatine-(...) ordures Parfois ménagères
58%
À l'écorche-(...) poulet volaille à rôtir
58%
Au frigidaire À l'efface-(...) poussière résidus
58%
Mon (...) à glace tabouret Chaise sans dossier
58%
À l'éventre-(...) tomates fruits à assaisonner
58%
À la cuisinière Au lit qu'est (...) fait toujours tout le temps
58%
Ah, Gudule (...)-toi Excuse Joker du tarot
50%
Et mon poêle à (...) mazout Fioul domestique
50%
Une (...) cuisinière Petit piano
33%
Au chauffe-(...) savates vieilles pantoufles
33%
Au (..) à patates canon bombarde
25%
Aucun quiz correspondant
Distribution des résultats
% des personnes avec chaque résultat
Percentile par nombre de réponses
Votre historique - résultats
Vous n’avez pas pris ce quiz